Word Up! - Little Mix - All Lyrics - Statistics

General Stats
  • This quiz has been taken 34 times
  • The average score is 272 of 400
Answer Stats
Answer % Correct
Yo,
100%
(Ow!)
96%
ow!
96%
Woo!
96%
(Woo)
96%
ya,
96%
do
93%
Do
93%
Hey-hey,
93%
hey-hey
93%
"L"
93%
up
93%
up,
93%
up!
93%
we
93%
We
93%
who
93%
W-O-R-D,
93%
word?
93%
Word
93%
word
93%
W-O-R-D
93%
(Yeah)
93%
Yeah
93%
(Yeah-hey)
93%
(Yeah, yeah,
93%
yeah, yeah)
93%
you
93%
You
93%
your
89%
a
86%
and
82%
oh,
82%
(Oh)
82%
(Oh-oh-oh)
82%
the
82%
to
82%
where
82%
me,
79%
on,
79%
on
79%
we're
79%
in
75%
So,
75%
so
75%
what
75%
dance,
71%
dance
71%
say
71%
say)
71%
tell
71%
Tell
71%
too
71%
what's
71%
all
68%
All
68%
baby,
68%
Come
68%
don't
68%
everybody
68%
(Everybody
68%
it,
68%
it
68%
just
68%
like
68%
quick,
68%
brother,
64%
mama
64%
mama,
64%
sister
64%
When
64%
air
61%
care
61%
comin'
61%
hands
61%
hear
61%
about
57%
'Cause
57%
No
57%
no
57%
you're
57%
be
54%
for
54%
Got
54%
got
54%
know
54%
get
50%
(Get
50%
keep
50%
K-K-Keep
50%
around
46%
boys
46%
call,
46%
girls
46%
it's
46%
look
46%
people
46%
put
46%
world
46%
you'll
46%
as
43%
cool
43%
down,
43%
ladies
43%
matter
43%
pretty
43%
stare
43%
they
43%
thing
43%
music,
39%
romance
39%
romance,
39%
that
39%
think
39%
throw
39%
Wave
39%
why
39%
act
36%
fly
36%
heard
36%
If
36%
real
36%
reason
36%
show
36%
start
36%
sucker
36%
There’s
36%
there's
36%
underway
36%
underway)
36%
But
32%
by
32%
DJs
32%
have
32%
need
32%
psychological
32%
time
32%
you've
32%
acting
29%
can
29%
code
29%
fools
29%
realise
29%
those
25%
try
25%
use
25%
weird
25%
Airs
14%
Glide
14%
low)
14%
(Dial
0%
No matching quizzes found
Score Distribution
Percent of People with Each Score
Percentile by Number Answered
Your Score History
You have not taken this quiz